书目信息 |
| 题名: |
中国大气PM2.5污染防治策略与技术途径
|
|
| 作者: | 郝吉明 , 尹伟伦 , 岑可法 主编 | |
| 分册: | ||
| 出版信息: | 北京 科学出版社 2016.06 |
|
| 页数: | 615页 | |
| 开本: | 24cm | |
| 丛书名: | 大气污染控制技术与策略丛书 | |
| 单 册: | ||
| 中图分类: | X513 | |
| 科图分类: | ||
| 主题词: | 可吸入颗粒物--污染防治--研究--中国 | |
| 电子资源: | ||
| ISBN: | 978-7-03-048460-4 | |
| 000 | 01593oam2 2200301 450 | |
| 001 | 3883 | |
| 005 | 20181008170623.12 | |
| 010 | @a978-7-03-048460-4@b精装@dCNY180.00 | |
| 100 | @a20160826d2016 em y0chiy50 ea | |
| 101 | 0 | @achi |
| 102 | @aCN@b110000 | |
| 105 | @aab z 001yy | |
| 200 | 1 | @a中国大气PM2.5污染防治策略与技术途径@9zhong guo da qi PM2.5 wu ran fang zhi ce lue yu ji shu tu jing@f郝吉明, 尹伟伦, 岑可法主编 |
| 210 | @a北京@c科学出版社@d2016.06 | |
| 215 | @a615页@c图,地图@d24cm | |
| 225 | 2 | @a大气污染控制技术与策略丛书 |
| 300 | @a中国工程院重大咨询项目 “十三五”国家重点出版物出版规划项目 中国科学院科学出版基金资助出版 | |
| 312 | @a封面英文题名:Strategies and approaches for PM2.5 pollution prevention and control in China | |
| 330 | @a本书是中国工程院重大咨询项目的研究成果。该项目由国内大气污染控制及相关领域的16位院士近100名专家和多家单位共同参与,内容涵盖大气污染防治的各个层面,包括:我国大气PM2.5的污染特征与来源解析;我国能源利用过程大气PM2.5排放综合控制对策和技术途径;我国交通系统对大气PM2.5污染的影响和控制战略研究;森林和农业植被对PM2.5污染的影响及控制策略;我国大气PM2.5污染的监测网络和方法体系构建;我国大气PM2.5污染综合防治技术途径和对策建议。 | |
| 461 | 0 | @12001 @a大气污染控制技术与策略丛书 |
| 510 | 1 | @aStrategies and approaches for PM2.5 pollution prevention and control in China@zeng |
| 606 | 0 | @a可吸入颗粒物@x污染防治@x研究@y中国 |
| 690 | @aX513@v5 | |
| 701 | 0 | @a郝吉明@9hao ji ming@f(1946-)@4主编 |
| 701 | 0 | @a尹伟伦@9yin wei lun@4主编 |
| 701 | 0 | @a岑可法@9cen ke fa@4主编 |
| 801 | 0 | @aCN@b91MARC@c20160826 |
| 905 | @aMuseLib@dX513@e187 | |
| 中国大气PM2.5污染防治策略与技术途径/郝吉明, 尹伟伦, 岑可法主编.-北京:科学出版社,2016.06 |
| 615页:图,地图;24cm.-(大气污染控制技术与策略丛书) |
| 中国工程院重大咨询项目 “十三五”国家重点出版物出版规划项目 中国科学院科学出版基金资助出版 |
| ISBN 978-7-03-048460-4(精装):CNY180.00 |
| 本书是中国工程院重大咨询项目的研究成果。该项目由国内大气污染控制及相关领域的16位院士近100名专家和多家单位共同参与,内容涵盖大气污染防治的各个层面,包括:我国大气PM2.5的污染特征与来源解析;我国能源利用过程大气PM2.5排放综合控制对策和技术途径;我国交通系统对大气PM2.5污染的影响和控制战略研究;森林和农业植被对PM2.5污染的影响及控制策略;我国大气PM2.5污染的监测网络和方法体系构建;我国大气PM2.5污染综合防治技术途径和对策建议。 |
| ● |
| 相关链接 |
|
|
|
|
正题名:中国大气PM2.5污染防治策略与技术途径
索取号:X513/187
 
预约/预借
| 序号 | 登录号 | 条形码 | 馆藏地/架位号 | 状态 | 备注 |
| 1 | 1124015 | 211240156 | 第二样本阅览室/ [索取号:X513/187] | 在馆 | |
| 2 | 1124016 | 211240165 | 第三借阅区/ [索取号:X513/187] | 在馆 |